ՀՀ Գիտությունների ազգային ակադեմիայի հիմնարար գիտական գրադարան  =   Fundamental Scientific Library of NAS RA

Физика атома, атомного ядра и элементарных частиц : (Record no. 504073)

MARC details
000 -LEADER
fixed length control field 00883-am-a2200193-a-4500
001 - CONTROL NUMBER
control field YSU0183735
003 - CONTROL NUMBER IDENTIFIER
control field AM-YeHGA
005 - DATE AND TIME OF LATEST TRANSACTION
control field 20250617163254.0
008 - FIXED-LENGTH DATA ELEMENTS--GENERAL INFORMATION
fixed length control field 001204s1960 xxu 000 0 rus u
020 ## - INTERNATIONAL STANDARD BOOK NUMBER
Terms of availability 07.25
040 ## - CATALOGING SOURCE
Original cataloging agency AM-YeHGA
090 ## - LOCALLY ASSIGNED LC-TYPE CALL NUMBER (OCLC); LOCAL CALL NUMBER (RLIN)
-- 507490
100 10 - MAIN ENTRY--PERSONAL NAME
Personal name Чечулин, Анатолий Аркадьевич
245 10 - TITLE STATEMENT
Title Физика атома, атомного ядра и элементарных частиц :
Remainder of title Учебное пособие по оющему курсу физики /
Statement of responsibility, etc. А.А. Чечулин ; М-во высш. и ср. спец. обр. РСФСР ; Северо-Западный заочный политехнический ин-т
260 0# - PUBLICATION, DISTRIBUTION, ETC.
Place of publication, distribution, etc. Л. :
Name of publisher, distributor, etc. Б. и. ,
Date of publication, distribution, etc. 1960.
300 ## - PHYSICAL DESCRIPTION
Extent 152 с.
650 #4 - SUBJECT ADDED ENTRY--TOPICAL TERM
Topical term or geographic name entry element Атомная физика
710 2# - ADDED ENTRY--CORPORATE NAME
Corporate name or jurisdiction name as entry element Северо-Западный заочный политехнический ин-т
Holdings
Withdrawn status Lost status Source of classification or shelving scheme Damaged status Not for loan Collection Home library Current library Date acquired Total checkouts Full call number Barcode Date last seen Price effective from Koha item type Public note
    Universal Decimal Classification     General Fundamental Scientific Library Fundamental Scientific Library 18/12/2019   PII/29098 FL0611893 18/12/2019 18/12/2019 Գրքեր / Books 30 Days Loan


ՀՀ ԳԱԱ հիմնարար գիտական գրադարան
ՀՀ,Երևան 0019
Մարշալ Բաղրամյան 24/6
հեռախոս:(374-10) 52-47-50
Հետադարձ կապ

All site content, except where otherwise noted, is licensed under a
Creative Commons License